000 00462nam a22001697a 4500
999 _c7544
_d7544
003 GBCCL
005 20241126110631.0
008 180822b ||||| |||| 00| 0 eng d
040 _cGBC
082 _a262
_bSUL
245 _aYour life and your church/
_cby James L Sullivan
260 _c2001.
_aNashville, Tenn. :
_bLifeWay Press,
300 _a112 pages ; 21 cm
650 _aChristian life.
_9183
650 _aChurch membership.
_95644
942 _2ddc
_cBK
_02